| 000 | 01555cam a22003497a 4500 | ||
|---|---|---|---|
| 001 | 2421 | ||
| 005 | 20250827130204.0 | ||
| 020 | _a9780312510961 | ||
| 020 | _a0312510969 | ||
| 040 |
_aBTCTA _beng _cBTCTA _dDMM _dDLC |
||
| 050 | 0 | 0 |
_aPZ8.3.S5720 _bAam 2011 |
| 082 | 0 | 4 |
_a782.42/1723 _223 |
| 100 | 1 | _aSido, Barbi. | |
| 245 | 1 | 0 |
_a12 days of Christmas / _cBarbi Sido. |
| 260 |
_aNew York : _bPriddybooks, _c2011. |
||
| 300 |
_a8 unnumbred pages : _bcolor illustrations ; _c18 cm. |
||
| 490 | 1 | _aMy fold out | |
| 500 | _aOn board pages. | ||
| 500 | _aTitle from cover. | ||
| 500 | _a"Priddy Books big ideas for little people"--Back cover. | ||
| 505 | _aE | ||
| 520 | _aDelight your little one this Christmas with this beautifully illustrated version of the holiday classic, 12 Days of Christmas. Open up the cover, and inside is one long, concertina-style page which unfolds to reveal all of the 12 Days of Christmas gifts, from the single partridge in a pear tree right through to the twelve drummers drumming. Children will be captivated by the lyrics of this classic song, which are reproduced in full, and will love looking at the bright images as more and moregifts are added. A book for all the family to enjoy. | ||
| 521 |
_a100
_bLexile estimate |
||
| 521 |
_aE
_bRaz-Plus estimate |
||
| 650 | 0 |
_aFolk songs _zEngland. |
|
| 650 | 0 | _aChristmas music. | |
| 650 | 0 | _aCarols. | |
| 650 | 0 | _aBoard books. | |
| 650 | 0 |
_aToy and movable books _vSpecimens. |
|
| 906 |
_a7 _bcbc _ccopycat _d2 _encip _f20 _gy-gencatlg |
||
| 942 |
_2ddc _cBK _n0 |
||
| 999 |
_c2421 _d2421 |
||